000 00951nam a22002177a 4500
999 _c3265
_d3265
003 OSt
005 20231110075151.0
008 231110b ||||| |||| 00| 0 eng d
020 _a9789670683386
040 _cKH8
082 _a400 SUR
100 _aSuriani Zulkifli,
_eauthor.
245 _aPeristiwa Banjir /
_cSuriani Zulkifli.
260 _aKuala Lumpur ;
_bPustaka Akal Ilmu,
_c2018.
300 _a24 pages :
_bcolor illustrations ;
_c19 cm x 26 cm.
440 _aMari Pelajari Tentang Bencana Alam
520 _aUntuk menyuburkan minat membaca dalam kalangan pembaca cilik, penulis telah menyampaikan cerita dengan menggunakan gaya bahasa yang mudah difahami serta disulami dengan ilustrasi berwarna yang menarik. Para pembaca juga dapat menambahkan kosa kata mereka melalui perkataan sukar yang ditemui oleh mereka dalam buku ini.
650 _aStory book
_vMalay language
830 _aMari Pelajari Tentang Bencana Alam
942 _2ddc
_cTR